00724nam a2200181 a 450000100100000000500170001000800410002704000250006808200150009310000270010824500780013524600580021326000400027130000180031171000830032995201130041299900170052500001700220200929165012.0100312s19uu dr a 000 0 spa d aDO-SdBNPbspacBNPHU axxxbB389f1 aBecerro, Marcos93755610aFisiología del esfuerzo y del entrenamiento muscular /cMarcos Becerro.14aCampaña deportiva fronteriza levantamieno de pesas. aSanto Domingo :bSEDEFIR,c[19--?]. a112 p. :bil.2 aSecretaría de Estado de Deportes, Educación Física y Recreación936895 0010718PDaPDbPDcCTd2010-03-12iLF1l0oxxx B389fp17002-10r2020-06-25w2020-06-25yLFPDZNo se presta c16530d16530